<?xml version="1.0" encoding="UTF-8"?>
<record
    xmlns:xsi="http://www.w3.org/2001/XMLSchema-instance"
    xsi:schemaLocation="http://www.loc.gov/MARC21/slim http://www.loc.gov/standards/marcxml/schema/MARC21slim.xsd"
    xmlns="http://www.loc.gov/MARC21/slim">

  <leader>00454nam a22001577a 4500</leader>
  <controlfield tag="003">OSt</controlfield>
  <controlfield tag="008">260626b        |||||||| |||| 00| 0 eng d</controlfield>
  <datafield tag="020" ind1=" " ind2=" ">
    <subfield code="a">9780323884969</subfield>
  </datafield>
  <datafield tag="082" ind1=" " ind2=" ">
    <subfield code="b">Z36E</subfield>
    <subfield code="a">579.503</subfield>
  </datafield>
  <datafield tag="245" ind1=" " ind2=" ">
    <subfield code="a">Encyclopedia of Mycology/ edited by Oscar Zaragoza...[et al.]</subfield>
  </datafield>
  <datafield tag="260" ind1=" " ind2=" ">
    <subfield code="a">Amsterdam : </subfield>
    <subfield code="b">Oliver Walter,</subfield>
    <subfield code="c">2021.</subfield>
  </datafield>
  <datafield tag="300" ind1=" " ind2=" ">
    <subfield code="a">xxviii, 843 p.</subfield>
  </datafield>
  <datafield tag="650" ind1=" " ind2=" ">
    <subfield code="a">Pure Sciences | Biology | Mycology </subfield>
  </datafield>
  <datafield tag="700" ind1=" " ind2=" ">
    <subfield code="a">Zaragoza, Oscar </subfield>
  </datafield>
  <datafield tag="942" ind1=" " ind2=" ">
    <subfield code="2">ddc</subfield>
    <subfield code="c">BK</subfield>
  </datafield>
  <datafield tag="999" ind1=" " ind2=" ">
    <subfield code="c">52339</subfield>
    <subfield code="d">52339</subfield>
  </datafield>
  <datafield tag="952" ind1=" " ind2=" ">
    <subfield code="0">0</subfield>
    <subfield code="1">0</subfield>
    <subfield code="2">ddc</subfield>
    <subfield code="4">0</subfield>
    <subfield code="7">1</subfield>
    <subfield code="8">REF</subfield>
    <subfield code="a">RAU</subfield>
    <subfield code="b">RAU</subfield>
    <subfield code="c">REF</subfield>
    <subfield code="d">2026-06-26</subfield>
    <subfield code="e">Today &amp; Tomorrow Printers and Publishers </subfield>
    <subfield code="o"> R 579.503 Z36E</subfield>
    <subfield code="p">87569</subfield>
    <subfield code="r">2026-06-26</subfield>
    <subfield code="w">2026-01-29</subfield>
    <subfield code="y">BK</subfield>
    <subfield code="k">Bill No. IN-00449 </subfield>
  </datafield>
  <datafield tag="952" ind1=" " ind2=" ">
    <subfield code="0">0</subfield>
    <subfield code="1">0</subfield>
    <subfield code="2">ddc</subfield>
    <subfield code="4">0</subfield>
    <subfield code="7">1</subfield>
    <subfield code="8">REF</subfield>
    <subfield code="a">RAU</subfield>
    <subfield code="b">RAU</subfield>
    <subfield code="c">REF</subfield>
    <subfield code="d">2026-06-26</subfield>
    <subfield code="e">Today &amp; Tomorrow Printers and Publishers </subfield>
    <subfield code="o">R  579.503 Z36E</subfield>
    <subfield code="p">87570</subfield>
    <subfield code="r">2026-06-26</subfield>
    <subfield code="w">2026-01-29</subfield>
    <subfield code="y">BK</subfield>
    <subfield code="k">Bill No. IN-00449 </subfield>
  </datafield>
</record>
